| 000 | 02570nam a22002657a 4500 | ||
|---|---|---|---|
| 005 | 20091210115216.0 | ||
| 020 |
_c120.00 _a8188537489 |
||
| 035 | _aB-372810-816 | ||
| 037 | _bपरमहंस प्रकाशन/PUB | ||
| 082 | _aक | ||
| 100 |
_aप्रेमचन्द _91393 |
||
| 245 |
_aशिकारी राजकुमारः _cप्रेमचन्द _bएक से बढ़कर एक कहानियाँ / |
||
| 260 |
_aमथुरा _bपरमहंस प्रकाशन _c2009 |
||
| 270 |
_aहालन गंज, कच्ची सड़क _bमथुरा _e281001 |
||
| 300 |
_a112पृ _c22सेमी (सजिल्द) _bसचित्र |
||
| 942 |
_2ddc _cCH _hक _mप्रेमच |
||
| 999 |
_c32402 _d32402 |
||